00736 2200229 4500001002100000005001700021008004100038035002400079082001100103090002200114100002400136245009100160260002900251300003100280500010600311500002800417650001200445850001500457980001300472985000600485999001500491YOGYA-0209000003962320090227025507.0 ind  0010-020900000039623 a332.41 a332.41bPra AlSK aPRASETYORINI, Retno aAnalisis faktor-faktor yang mempengaruhi inflasi di Indonesiacoleh Retno Prasetyorini aYogyakartab[s.n.]c1996 axi, 99 lembarbilusc30 cm aSkripsi : Sekolah TInggi Ilmu Ekonomi Kerjasama Jurusan Ilmu Ekonomi dan studi Pembangunan Yogyakarta aBibliografi : lembar 85 aInflasi aYOPDYOG(B) a31-01-08 a1 a07A0027956